El secreto de sus ojos
Benjamín Espósito acaba de jubilarse después de trabajar toda una vida como empleado en un juzgado penal. Para ocupar su tiempo libre decide escribir una novela basada en una historia real de la que ha sido testigo y protagonista: un terrible asesinato ocurrido en Buenos Aires en 1974 y la investiga...
Guardado en:
| Autor Principal: | |
|---|---|
| Autor Corporativo: | |
| Otros Autores: | , , , , , , , |
| Formato: | |
| Idioma: | Undetermined |
| Publicado: |
Argentina :
Ministerio de Educación Presidencia de la Nación,
2009.
|
| Materias: | |
| Etiquetas: |
Agregar Etiqueta
Sin Etiquetas, Sea el primero en etiquetar este registro!
|
| LEADER | 02222ngm a22003015a 4500 | ||
|---|---|---|---|
| 001 | CEM.cems020264 | ||
| 008 | 230714s2009####xx#---############vlund#d | ||
| 005 | 20230714190538.0 | ||
| 245 | 1 | 0 | |a El secreto de sus ojos |h [videograbación] / |c Juan José Campanella. |
| 260 | |a Argentina : |b Ministerio de Educación Presidencia de la Nación, |c 2009. | ||
| 300 | |a 124'. | ||
| 520 | |a Benjamín Espósito acaba de jubilarse después de trabajar toda una vida como empleado en un juzgado penal. Para ocupar su tiempo libre decide escribir una novela basada en una historia real de la que ha sido testigo y protagonista: un terrible asesinato ocurrido en Buenos Aires en 1974 y la investigación para hallar al culpable. Pero una vez abierta la puerta de ese pasado, al propio Espósito se le volverá imposible cerrarla. Primero, porque la turbulenta Argentina de entonces se cuela en la vida de los personajes, con su carga de violencia y muerte. Y, sobre todo, porque su búsqueda ilumina de un modo descarnado su propia vida y su presente, y lo pone de frente con un dilema de amor que lo obsesiona desde hace demasiado tiempo. Reconstruir el pasado lo conducirá a bucear en sus propios sentimientos, sus propias conductas y decisiones. Y hallar la verdad terminará por convertirse no en un objetivo literario, sino en la llave que le permita abrir la puerta para vivir el resto de su vida. | ||
| 590 | |a Identificación anterior: 96 | ||
| 538 | |a 1. Soporte: DVD -- Formato: AVI Peso: 833mb -- Resolución: 608 x 336 -- 23.97fps -- 2. Soporte: DVD -- Formato: DVD Peso: 7.34gb -- Resolución: 720 x 480 -- 29.97 fps | ||
| 100 | 1 | |a Campanella, Juan José. | |
| 700 | 1 | |a Sacheri, Eduardo; Novela y Guion. | |
| 700 | 1 | |a Jusid, Federico; Música. | |
| 700 | 1 | |a Monti, Félix; Fotografía. | |
| 700 | 1 | |a Darín, Ricardo; Reparto. | |
| 700 | 1 | |a Villamil, Soledad; Reparto. | |
| 700 | 1 | |a Rago, Pablo; Reparto. | |
| 700 | 1 | |a Godino, Javier; Reparto. | |
| 700 | 1 | |a Francella, Guillermo; Reparto. | |
| 710 | 2 | |a Haddock Films. | |
| 653 | |a ARCHIVO FÍLMICO PEDAGÓGICO JÓVENES Y ESCUELA. | ||
| 653 | |a LARGOMETRAJE | ||
| 653 | |a FICCIÓN | ||
| 859 | |a CEMS |b BIB. CEMS - Depto. Recursos Didacticos |h 778.5 |i CAM |k DRD |p 3052.23 |t Ej.2 | ||
